MARC

LEADER 00000nam0a2200000 4500
001 153120
005 20231031151240.0
010 |a 5020294861 
020 |a RU  |b 90-62467 
035 |a (RuTPU)RU\TPU\book\166122 
090 |a 153120 
100 |a 20090209d1990 k y0rusy5003 ca 
101 0 |a rus 
102 |a RU 
105 |a a z 001zy 
200 1 |a Надвиговые и шарьяжные структуры Прибайкалья  |f В. К. Александров  |g Институт земной коры СО АН СССР ; под ред. А. А. Бухарова 
210 |a Новосибирск  |c Наука  |c Сиб. отд-ние  |d 1990 
215 |a 103 с.  |c ил.  |d 24 см 
320 |a Библиогр.: с. 99-101. 
610 1 |a надвиговые дислокации 
610 1 |a формирование 
610 1 |a Прибайкалье 
610 1 |a надвиговые структуры 
610 1 |a образование 
610 1 |a шарьяжные структуры 
610 1 |a шарьяжи 
610 1 |a тектоника 
610 1 |a геологическое строение 
675 |a 551.243.4  |z rus 
700 1 |a Александров  |b В. К.  |g Владимир Константинович  |4 070 
702 1 |a Бухаров  |b А. А.  |4 340 
712 0 2 |a Академия наук СССР (АН СССР)  |b Сибирское отделение (СО)  |b Институт земной коры (ИЗК)  |c (Иркутск)  |2 stltpush  |3 (RuTPU)RU\TPU\col\11543 
801 0 |a RU  |b RuMRKP  |c 19950417  |g psbo 
801 1 |a RU  |b 63413507  |c 20090209  |g PSBO 
801 2 |a RU  |b 63413507  |c 20091225  |g PSBO 
942 |c BK